000 01899nam a2200553 i 4500
001 45674
003 KOSZ 005
005 20200807124544.0
008 040823s2004 pl a f f |000 0 pol
015 _aUWD 2004/18340
020 _a8389334909
035 _a991024491309705066
035 _a(PL-WaBN)b16681459-48omnis_nlop
035 _ab16681459
035 _a(OCoLC)749352209
035 _a(PL)b0000001668145
035 _a(EXLNZ-48OMNIS_NETWORK)9910520328205606
040 _aWA N
_cWA N
_dKOSZ 005/HR
041 0 _apol
046 _k2004
080 _a634/635
080 _a631.56
080 _a663
080 _a664.8/.9
080 _a(075.8+076)
100 1 _aWojdyła, Tadeusz
_eAutor
245 1 0 _aPrzechowalnictwo owoców i warzyw oraz metody analiz stosowane w ich przetwórstwie :
_bćwiczenia /
_cTadeusz Wojdyła, Ilona Rogozińska.
260 _aBydgoszcz :
_bWydawnictwa Uczelniane Akademii Techniczno-Rolniczej,
_ccop. 2004.
300 _a116 s. :
_brys., tab. ;
_c24 cm.
336 _aTekst
_btxt
_2rdacontent
337 _aBez urządzenia pośredniczącego
_bn
_2rdamedia
338 _aWolumin
_bnc
_2rdacarrier
380 _aKsiążki
380 _aPublikacje dydaktyczne
385 _mPoziom nauczania
_aSzkoły wyższe
388 _a2001-
504 _aBibliogr. przy rozdz.
650 7 _aOwoce
_2DBN
650 7 _aWarzywa
_2DBN
650 7 _aMagazynowanie
650 7 _aTechnologia żywności
655 7 _aĆwiczenia i zadania dla szkół wyższych
_2DBN
658 _aRolnictwo i leśnictwo
700 1 _aRogozińska, Ilona
_eAutor
710 2 _aWydawnictwa Uczelniane Akademii Techniczno-Rolniczej (Bydgoszcz)
_4pbl
856 _uhttp://koha.tu.koszalin.pl/cgi-bin/koha/opac-detail.pl?biblionumber=45674
_yKatalog online BPK
942 _2UKD
_cKS
999 _c45674
_d45674